| 000 | 00741cam a22002171 4500 | ||
|---|---|---|---|
| 001 | sa 68003697 | ||
| 003 | DLC | ||
| 005 | 20260227112455.0 | ||
| 008 | 710903s1967 ii ab 000 0 eng | ||
| 010 | _asa 68003697 //r97 | ||
| 025 | _aPL480:I-E-9463 | ||
| 040 |
_aDLC _cDLC _dDLC |
||
| 043 | _aa-ii--- | ||
| 050 | 0 | 0 |
_aHE4992 _b.A45 1967 |
| 082 | 0 | 0 | _a388/.0954 |
| 110 | 1 | 0 |
_aIndia. _bPlanning Commission. _bStudy Team on Metropolitan Transport. |
| 245 | 1 | 0 |
_aTraffic & transportation problems in metropolitan cities; _binterim report. |
| 260 | 0 |
_aNew Delhi, _bMetropolitan Transport Team, Committee on Plan Projects, Planning Commission, _c1967. |
|
| 300 |
_a109 p. _billus., fold maps. _c30 cm. |
||
| 650 | 0 |
_aUrban transportation _zIndia. |
|
| 999 |
_c79675 _d79675 |
||